Za to můžeš ty...můj mozku!
Gespeichert in:
| 1. Verfasser: | |
|---|---|
| Format: | Buch |
| Sprache: | Tschechisch |
| Veröffentlicht: |
Brno
BizBooks
2015
|
| Ausgabe: | 1. vydání |
| Schlagworte: | |
| Tags: |
Keine Tags, Fügen Sie das erste Tag hinzu!
|
MARC
| LEADER | 00000nam a2200000 4500 | ||
|---|---|---|---|
| 001 | 0291380 | ||
| 005 | 20240416113827.7 | ||
| 020 | |a 978-80-265-0347-7 | ||
| 041 | 0 | |a cze | |
| 044 | |a CZ | ||
| 245 | 1 | 0 | |a Za to můžeš ty...můj mozku! |c Orlita Vlastimil |
| 250 | |a 1. vydání | ||
| 264 | 1 | |a Brno |b BizBooks |c 2015 | |
| 300 | |a 168 s. | ||
| 610 | 2 | 0 | |a psychológia |
| 610 | 2 | 0 | |a neuroveda |
| 610 | 2 | 0 | |a správanie |
| 610 | 2 | 0 | |a emócie |
| 610 | 2 | 0 | |a osobnosť |
| 610 | 2 | 0 | |a sebapoznanie |
| 100 | 1 | |a Vlastimil, Orlita | |